LIBRARY & INFORMATION CENTRE, KCAET, TAVANUR

ONLINE PUBLIC ACCESS CATALOGUE (OPAC)

Portraits : A Selection of Biographical Sketches / (Record no. 795)

MARC details
000 -LEADER
fixed length control field 00294cam a2200109ua 4500
082 ## - DEWEY DECIMAL CLASSIFICATION NUMBER
Classification number 920
Item number MAR/PO
100 ## - MAIN ENTRY--AUTHOR NAME
Personal name Marrar, T.R.K .
245 00 - TITLE STATEMENT
Title Portraits : A Selection of Biographical Sketches /
260 ## - PUBLICATION, DISTRIBUTION, ETC. (IMPRINT)
Place of publication Chennai :
Name of publisher The National Publishing Co ,
Year of publication 1969.
300 ## - PHYSICAL DESCRIPTION
Number of Pages 120 ; .
942 ## - ADDED ENTRY ELEMENTS (KOHA)
Koha item type Books
Holdings
Withdrawn status Lost status Damaged status Home library Current library Date acquired Full call number Accession Number Koha item type
      KAUAET KAUAET 07/04/2012 920 13283 Books
      KAUAET KAUAET 07/04/2012 920 13304 Books
free website counter